000 00670nam a2200277Ia 4500
005 20260320195819.0
008 008 262003s9999 xx 000 0 hin d
020 _a9788126728886
037 _aEBOOK
040 _aCRL
040 _bhin
040 _cCRL
041 _2hin
041 _ahin
084 _qCRL
100 _aमृदुला गर्ग
_91132895
245 0 _aजादू का कालीन
250 _a4th
260 _bRajkamal
260 _c2015
300 _a87
856 _uhttps://ebook.indiaread.in/pdfs/804_jadoo_ka_kaleen_by-mridula_garg.pdf
942 _cEBOOK
999 _c1716644
_d1716644